| 000 | 00789nam a2200217Ia 4500 | ||
|---|---|---|---|
| 003 | GCL | ||
| 008 | 140319s9999 xx 000 0 ara d | ||
| 020 | _a0236779960 | ||
| 040 |
_aGCL / _cGCL |
||
| 082 | 0 | 4 |
_a795.43 _bع و |
| 100 | 1 | _aعبدالرحمن بن عبدالله الشقير | |
| 245 | 1 | 0 |
_aورق اللعب : _bتاريخة و رموزة و حكمة / _cعبدالرحمن بن عبدالله الشقير |
| 250 | _aالاولى | ||
| 260 |
_aالرياض : _bدار الفيصل الثقافية ، _c2002 |
||
| 300 |
_a144 ص ؛ _c19 سم |
||
| 650 | 0 | 4 | _aورق اللعب |
| 650 | 0 | 4 | _aورق اللعب - الجوانب الاخلاقية و الدينية |
| 650 | 0 | 4 | _aورق اللعب - فن |
| 650 | 0 | 4 | _aورق اللعب - صناعة |
| 942 |
_2ddc _cBK |
||
| 999 |
_c51400 _d51400 |
||